Normal view
MARC view
Entry Nombre de reunión
001 - NÚMERO DE CONTROL
- campo de control: 55218
003 - IDENTIFICADOR DEL NÚMERO DE CONTROL
- campo de control: OSt
005 - FECHA Y HORA DE LA ÚLTIMA TRANSACCIÓN
- campo de control: 20200615034657.0
008 - DATOS DE LONGITUD FIJA
- campo de control de longitud fija: 200615|| aca||aabn | a|a d
040 ## - FUENTE DE LA CATALOGACIÓN
- Centro catalogador/agencia de origen: OSt
- Centro/agencia transcriptor: OSt
111 ## - ENCABEZAMIENTO--NOMBRE DE CONGRESO/REUNIÓN
- Nombre de congreso/reunión o jurisdicción como elemento de entrada: Foro Seminario Internacional en Defensa de la Ciudadanía Universal: la resistencia de los(as) migrantes y las Comunidades Afrodescendientes
- Fecha del congreso/reunión: (2008 :
- Sede del congreso/Lugar de la reunión: Universidad de Puerto Rico, Puerto Rico)
670 ## - FUENTE DE DATOS ENCONTRADOS
- Cita de la fuente: Work cat.: (OSt)27724: Foro Seminario Internacional en Defensa de la Ciudadanía Universal: la resistencia de los(as) migrantes y las Comunidades Afrodescendientes (2008 : Universidad de Puerto Rico, Puerto Rico), Cruzando fronteras :, 2010.
